[Event "Oberliga Ost-B 1718"]
[Site "Germany"]
[Date "2018.02.04"]
[Round "7.2"]
[White "Feldtmann, Thomas"]
[Black "Lubbe, Melanie"]
[Result "0-1"]
[WhiteElo "2221"]
[BlackElo "2286"]
[PlyCount "118"]
[EventDate "2017.10.22"]
[EventType "team-tourn"]
[EventRounds "11"]
[EventCountry "GER"]
[SourceTitle "EXT 2019"]
[Source "ChessBase"]
[SourceDate "2018.10.10"]
[SourceVersion "1"]
[SourceVersionDate "2018.10.10"]
[SourceQuality "1"]
[WhiteTeam "Marburg"]
[BlackTeam "Neuberg"]
[WhiteTeamCountry "GER"]
[BlackTeamCountry "GER"]

1. d4 Nf6 2. c4 g6 3. Nf3 Bg7 4. e3 d6 5. Nc3 0-0 6. Be2 Nbd7 7. 0-0 e5 8. Qc2 Re8 9. Rd1 c6 10. dxe5 dxe5 11. Rb1 a5 12. a3 e4 13. Nd2 Qe7 14. b4 axb4 15. axb4 c5 16. Nb5 Qe5 17. Bb2 Qb8 18. bxc5 Nxc5 19. Bd4 b6 20. Nf1 Nd3 21. Ng3 Ne5 22. Nc3 h5 23. Rxb6 Qc7 24. Nb5 Qe7 25. Nd6 Rd8 26. Ngxe4 Nxe4 27. Qxe4 Ra2 28. Nxc8 Rxc8 29. Bf1 Rxf2 30. Bxe5 Rf5 31. Qb7 Qxb7 32. Rxb7 Rxe5 33. Rb3 Bh6 34. Kf2 Rce8 35. Re1 f5 36. g3 f4 37. gxf4 Bxf4 38. h3 h4 39. Re2 Bg3+ 40. Kg1 Rd8 41. Reb2 Rd1 42. Kg2 Rg5 43. Be2 Be5+ 44. Kf3 Rd8 45. Rc2 Re8 46. Bf1 Rg3+ 47. Kf2 Rf8+ 48. Ke2 Kg7 49. Rb1 Rff3 50. Rb3 Rf7 51. Rc1 Rgf3 52. Rbb1 Bb2 53. Rd1 Ba3 54. Kd2 Bc5 55. Re1 Rd7+ 56. Kc2 Bxe3 57. Rb3 Rf2+ 58. Re2 Rxe2+ 59. Bxe2 Rd2+ 0-1

[Event "Oberliga Ost-B 1617"]
[Site "Germany"]
[Date "2017.03.19"]
[Round "8.1"]
[White "Rafiee, Makan"]
[Black "Feldtmann, Thomas"]
[Result "1-0"]
[WhiteElo "2318"]
[BlackElo "2221"]
[PlyCount "33"]
[EventDate "2016.10.16"]
[EventType "team-tourn"]
[EventRounds "11"]
[EventCountry "GER"]
[SourceTitle "EXT 2018"]
[Source "ChessBase"]
[SourceDate "2017.10.13"]
[SourceVersion "1"]
[SourceVersionDate "2017.10.13"]
[SourceQuality "1"]
[WhiteTeam "Kassel"]
[BlackTeam "Marburg"]
[WhiteTeamCountry "GER"]
[BlackTeamCountry "GER"]

1. e4 d6 2. d4 Nf6 3. Nc3 g6 4. f4 Bg7 5. Nf3 0-0 6. e5 Ne8 7. Be3 Nd7 8. h4 c5 9. h5 cxd4 10. hxg6 dxe3 11. gxf7+ Rxf7 12. Ng5 e2 13. Bxe2 Nb6 14. Nxf7 Kxf7 15. Bd3 e6 16. Rxh7 Qd7 17. Qh5+ 1-0

[Event "Pardubice Czech op-A 26th"]
[Site "Pardubice"]
[Date "2015.07.27"]
[Round "4"]
[White "Kraus, Tomas"]
[Black "Feldtmann, Thomas"]
[Result "1-0"]
[WhiteElo "2399"]
[BlackElo "2255"]
[PlyCount "137"]
[EventDate "2015.07.24"]
[EventType "swiss"]
[EventRounds "9"]
[EventCountry "CZE"]
[SourceTitle "CBM 167 Extra"]
[Source "ChessBase"]
[SourceDate "2015.09.14"]
[SourceVersion "1"]
[SourceVersionDate "2015.09.14"]
[SourceQuality "1"]

1. Nf3 Nf6 2. d4 e6 3. e3 d5 4. Bd3 c5 5. b3 Nc6 6. 0-0 Bd6 7. Bb2 0-0 8. Nbd2 b6 9. Ne5 Bb7 10. f4 Rc8 11. a3 Ne7 12. Qf3 b5 13. dxc5 Bxc5 14. b4 Bb6 15. Rac1 Nf5 16. Bxf5 exf5 17. Nb3 Ne4 18. Bd4 Bxd4 19. exd4 Rc3 20. Qd1 Qc7 21. Nd3 Re8 22. Rf3 Rc4 23. Re3 Re6 24. Ne5 f6 25. Nd3 Ra6 26. Ra1 Rc3 27. Rf3 Re6 28. Ndc5 Re8 29. Qf1 Bc6 30. Nxe4 Rxf3 31. Nxf6+ gxf6 32. Qxf3 Qe7 33. Kf2 Qe4 34. Rc1 Re7 35. c3 Be8 36. Nc5 Qxf3+ 37. gxf3 Bc6 38. Rg1+ Kf8 39. Ra1 Ke8 40. Rg1 Kf7 41. Rb1 Be8 42. Ra1 Bc6 43. Ra2 Be8 44. Rb2 Bc6 45. Rd2 Be8 46. Rd1 Bc6 47. Rg1 Be8 48. Rb1 Bc6 49. Ra1 Be8 50. a4 bxa4 51. Nxa4 Bb5 52. Nc5 Bc4 53. Re1 Rxe1 54. Kxe1 Ke7 55. Kd2 Kd6 56. Nd3 Bb5 57. Nf2 Bc4 58. Nd1 Bb5 59. Ne3 Ke6 60. c4 dxc4 61. Kc3 Bd7 62. d5+ Kd6 63. Kxc4 Bc8 64. Kd4 Bd7 65. Nc4+ Kc7 66. Kc5 Bc8 67. Na3 a6 68. Nc4 Bb7 69. Nb6 1-0

[Event "Karl Mala Memorial op-A 17th"]
[Site "Frankfurt"]
[Date "2014.08.01"]
[Round "3"]
[White "Marchese, Gaspare"]
[Black "Feldtmann, Thomas"]
[Result "0-1"]
[WhiteElo "1952"]
[BlackElo "2235"]
[PlyCount "98"]
[EventDate "2014.07.31"]
[EventType "swiss"]
[EventRounds "7"]
[EventCountry "GER"]
[SourceTitle "EXT 2015"]
[Source "ChessBase"]
[SourceDate "2014.11.20"]
[SourceVersion "1"]
[SourceVersionDate "2014.11.20"]
[SourceQuality "1"]

1. e4 d6 2. d4 Nf6 3. Nc3 c6 4. Be2 Qa5 5. Bd2 e5 6. dxe5 dxe5 7. Nd5 Qd8 8. Nxf6+ Qxf6 9. Nf3 Nd7 10. Bd3 Bc5 11. Qe2 Qd8 12. 0-0-0 0-0 13. h4 b5 14. Ng5 Nf6 15. f3 Nh5 16. Qe1 Qb6 17. Rf1 Nf4 18. Bxf4 exf4 19. e5 Be3+ 20. Kb1 h6 21. Ne4 Re8 22. g3 Bh3 23. gxf4 Bxf1 24. Qxf1 Bxf4 25. Qg2 Bxe5 26. f4 Bxf4 27. Nf6+ Kh8 28. Rg1 Rg8 29. Nxg8 Rxg8 30. Rf1 Re8 31. Qg4 Qc7 32. a3 Be5 33. Qf5 Kg8 34. Qh7+ Kf8 35. Qf5 Bf6 36. Qc5+ Be7 37. Qf2 Bf6 38. Qc5+ Kg8 39. Qf5 Qe5 40. Qh7+ Kf8 41. c3 a5 42. Rf5 Qd6 43. Rf1 Qe5 44. Rf5 Qe1+ 45. Ka2 Qe6+ 46. Ka1 b4 47. Rxa5 bxc3 48. Qh8+ Ke7 49. Ra7+ Kd6 0-1

[Event "Eschborn op 10th"]
[Site "Eschborn"]
[Date "2013.09.01"]
[Round "5"]
[White "Feldtmann, Thomas"]
[Black "Hrubesch, Andreas"]
[Result "1/2-1/2"]
[WhiteElo "2222"]
[BlackElo "1841"]
[PlyCount "74"]
[EventDate "2013.08.30"]
[EventType "swiss"]
[EventRounds "5"]
[EventCountry "GER"]
[SourceTitle "EXT 2014"]
[Source "ChessBase"]
[SourceDate "2013.11.20"]
[SourceVersion "1"]
[SourceVersionDate "2013.11.20"]
[SourceQuality "1"]

1. d4 d6 2. e4 g6 3. Nc3 Bg7 4. f4 Nc6 5. Be3 e5 6. dxe5 dxe5 7. Qxd8+ Nxd8 8. Nb5 Ne6 9. f5 a6 10. fxe6 axb5 11. Bxb5+ c6 12. exf7+ Kxf7 13. Bc4+ Be6 14. Bxe6+ Kxe6 15. Nf3 h6 16. 0-0 Nf6 17. Nh4 Kf7 18. a4 Rhd8 19. b3 g5 20. Nf5 Kg6 21. Rae1 Rd7 22. Bc1 Bf8 23. g3 Bc5+ 24. Kg2 Rf8 25. Ne3 b5 26. axb5 cxb5 27. c4 Rd3 28. cxb5 Rxb3 29. Nc4 Bd4 30. Rf5 Re8 31. Rf3 Rb4 32. Nd6 Ra8 33. Ra3 Rxa3 34. Bxa3 Ra4 35. Bc1 Ra2+ 36. Kf1 Rf2+ 37. Kg1 Re2+ 1/2-1/2

[Event "Eschborn op 10th"]
[Site "Eschborn"]
[Date "2013.08.31"]
[Round "2"]
[White "Rutsatz, Mario"]
[Black "Feldtmann, Thomas"]
[Result "0-1"]
[WhiteElo "1919"]
[BlackElo "2222"]
[PlyCount "61"]
[EventDate "2013.08.30"]
[EventType "swiss"]
[EventRounds "5"]
[EventCountry "GER"]
[SourceTitle "EXT 2014"]
[Source "ChessBase"]
[SourceDate "2013.11.20"]
[SourceVersion "1"]
[SourceVersionDate "2013.11.20"]
[SourceQuality "1"]

1. d4 Nf6 2. c4 e6 3. Nf3 c5 4. d5 exd5 5. cxd5 d6 6. Nc3 g6 7. Bf4 a6 8. a4 Bg7 9. e3 0-0 10. Be2 Bg4 11. Nd2 Bxe2 12. Qxe2 Nh5 13. Bg3 Nxg3 14. hxg3 Nd7 15. 0-0 f5 16. a5 Qe7 17. Nc4 Rae8 18. Qc2 h5 19. Rfe1 Rf7 20. Re2 Ne5 21. Nxe5 Bxe5 22. Ra4 Rh7 23. b4 cxb4 24. Rxb4 Rc8 25. Rb3 Qc7 26. Qd3 Qxa5 27. Rc2 h4 28. g4 Rhc7 29. Ra2 Rxc3 30. Rxa5 Rxd3 31. f4 0-1

[Event "Pardubice Czech op-A 24th"]
[Site "Pardubice"]
[Date "2013.07.22"]
[Round "4"]
[White "Jaracz, Pawel"]
[Black "Feldtmann, Thomas"]
[Result "1-0"]
[WhiteElo "2531"]
[BlackElo "2280"]
[PlyCount "65"]
[EventDate "2013.07.19"]
[EventType "swiss"]
[EventRounds "9"]
[EventCountry "CZE"]
[SourceTitle "CBM 155 Extra"]
[Source "ChessBase"]
[SourceDate "2013.08.26"]
[SourceVersion "1"]
[SourceVersionDate "2013.08.26"]
[SourceQuality "1"]

1. d4 Nf6 2. Nf3 e6 3. c4 c5 4. d5 d6 5. Nc3 exd5 6. cxd5 g6 7. Bf4 a6 8. a4 Bg7 9. e3 0-0 10. h3 Re8 11. Nd2 Nbd7 12. Be2 Ne5 13. 0-0 Nfd7 14. Qc2 f5 15. Bh2 Qe7 16. Rae1 Nf6 17. f4 Nf7 18. Bd3 Bd7 19. a5 Qd8 20. Nc4 b5 21. axb6 Bb5 22. b3 Nd7 23. b7 Rb8 24. e4 fxe4 25. Nxe4 Nb6 26. f5 Bxc4 27. bxc4 gxf5 28. Rxf5 Rxb7 29. Ref1 Ne5 30. Ng5 Nxd3 31. Qxd3 Re3 32. Qxe3 Bd4 33. Qxd4 1-0

[Event "Karl Mala Memorial op-A 16th"]
[Site "Frankfurt"]
[Date "2013.07.14"]
[Round "7"]
[White "Feldtmann, Thomas"]
[Black "Keymer, Vincent"]
[Result "1-0"]
[WhiteElo "2280"]
[BlackElo "1861"]
[PlyCount "35"]
[EventDate "2013.07.11"]
[EventType "swiss"]
[EventRounds "7"]
[EventCountry "GER"]
[SourceTitle "EXT 2014"]
[Source "ChessBase"]
[SourceDate "2013.11.20"]
[SourceVersion "1"]
[SourceVersionDate "2013.11.20"]
[SourceQuality "1"]

1. d4 d5 2. c4 c6 3. Nf3 Nf6 4. Qc2 e6 5. g3 Nbd7 6. Bg2 Bd6 7. 0-0 0-0 8. b3 Qe7 9. Bb2 b6 10. Nbd2 Bb7 11. e4 dxe4 12. Nxe4 Nxe4 13. Qxe4 Nf6 14. Qc2 c5 15. dxc5 Bxc5 16. Ng5 Rfd8 17. Bxb7 Rab8 18. Bg2 1-0

[Event "Travemuende op 29th"]
[Site "Travemuende"]
[Date "2012.12.28"]
[Round "4"]
[White "Feldtmann, Thomas"]
[Black "Sergeev, Vladimir"]
[Result "1/2-1/2"]
[WhiteElo "2276"]
[BlackElo "2471"]
[PlyCount "67"]
[EventDate "2012.12.27"]
[EventType "swiss"]
[EventRounds "7"]
[EventCountry "GER"]
[SourceTitle "CBM 152 Extra"]
[Source "ChessBase"]
[SourceDate "2013.02.25"]
[SourceVersion "1"]
[SourceVersionDate "2013.02.25"]
[SourceQuality "1"]

1. e4 d6 2. d4 g6 3. Nc3 c6 4. f4 d5 5. e5 h5 6. Nf3 Bg4 7. Be3 Qb6 8. Rb1 Nh6 9. b4 Nf5 10. Bf2 e6 11. Na4 Qc7 12. h3 Bxf3 13. Qxf3 h4 14. Bd3 Nd7 15. 0-0 Be7 16. Rfc1 b5 17. Nc5 a5 18. Nxd7 Kxd7 19. a4 Rhb8 20. axb5 cxb5 21. bxa5 Qxa5 22. c3 Ke8 23. Rb3 b4 24. Rcb1 Ra7 25. cxb4 Rxb4 26. Rxb4 Bxb4 27. Bxf5 exf5 28. Bxh4 Rc7 29. Rxb4 Qxb4 30. Qxd5 Qb8 31. e6 Qc8 32. e7 Rxe7 33. Bxe7 Qc1+ 34. Kh2 1/2-1/2

[Event "Oberliga Ost-B 1213"]
[Site "Germany"]
[Date "2012.09.30"]
[Round "1.1"]
[White "Luther, Thomas"]
[Black "Feldtmann, Thomas"]
[Result "1-0"]
[WhiteElo "2535"]
[BlackElo "2257"]
[PlyCount "63"]
[EventDate "2012.09.30"]
[EventType "team-tourn"]
[EventRounds "11"]
[EventCountry "GER"]
[SourceTitle "EXT 2014"]
[Source "ChessBase"]
[SourceDate "2013.11.20"]
[SourceVersion "1"]
[SourceVersionDate "2013.11.20"]
[SourceQuality "1"]
[WhiteTeam "Erfurt Empor"]
[BlackTeam "Marburg"]
[WhiteTeamCountry "GER"]
[BlackTeamCountry "GER"]

1. e4 c5 2. Nf3 e6 3. d4 cxd4 4. Nxd4 Nf6 5. Nc3 d6 6. g4 h6 7. Rg1 Nc6 8. Be3 a6 9. Qe2 Bd7 10. 0-0-0 Qc7 11. h4 h5 12. g5 Ng4 13. g6 fxg6 14. Bh3 0-0-0 15. Nxc6 Qxc6 16. Bxg4 hxg4 17. Rxg4 Be8 18. Bg5 Rd7 19. Rf4 Be7 20. Rf3 Bxg5+ 21. hxg5 Kb8 22. Rfd3 Bf7 23. e5 d5 24. Ne4 Qc4 25. Nd6 Qf4+ 26. Kb1 Qxg5 27. Rb3 Ka7 28. a3 Rh5 29. Rf3 Bg8 30. Rf8 Rd8 31. f4 Qh4 32. Qe3+ 1-0

[Event "Pardubice Czech op-A 23rd"]
[Site "Pardubice"]
[Date "2012.07.25"]
[Round "6"]
[White "Feldtmann, Thomas"]
[Black "Sagit, Rauan"]
[Result "1/2-1/2"]
[WhiteElo "2257"]
[BlackElo "2367"]
[PlyCount "126"]
[EventDate "2012.07.12"]
[EventType "swiss"]
[EventRounds "9"]
[EventCountry "CZE"]
[SourceTitle "CBM 149 Extra"]
[Source "ChessBase"]
[SourceDate "2012.08.24"]
[SourceVersion "1"]
[SourceVersionDate "2012.08.24"]
[SourceQuality "1"]

1. d4 Nf6 2. c4 e6 3. Nc3 Bb4 4. e3 0-0 5. Bd3 d5 6. Nf3 c5 7. 0-0 Nc6 8. a3 Ba5 9. cxd5 exd5 10. dxc5 Bxc3 11. bxc3 Qa5 12. Qc2 Bg4 13. a4 Bxf3 14. gxf3 Ne5 15. Be2 Nc4 16. Kh1 Qxc5 17. Rg1 Rfe8 18. Qf5 Qc6 19. Bxc4 dxc4 20. e4 Nd7 21. Be3 g6 22. Bd4 Qe6 23. Qh5 Re7 24. Rab1 b6 25. Rg3 f6 26. Rbg1 Rg7 27. Qh6 Re8 28. h4 Kf7 29. Kh2 Qd6 30. Kh1 Qe6 31. Kh2 Reg8 32. Qe3 Re8 33. Qh6 Qd6 34. Kh1 Re6 35. Qe3 Qc6 36. Qh6 Qd6 37. Qe3 Rg8 38. Qh6 Nf8 39. Qe3 Nd7 40. Qh6 Nf8 41. Rg4 Qd7 42. Qf4 Rc6 43. R1g2 Qe7 44. Qh6 Ke8 45. h5 Re6 46. Rf4 Rg7 47. Kg1 Rf7 48. hxg6 hxg6 49. Qh2 Qa3 50. Kf1 Qc1+ 51. Ke2 Qc2+ 52. Ke1 Rd7 53. Rh4 Rxd4 54. cxd4 Qc3+ 55. Ke2 Qd3+ 56. Ke1 c3 57. Rxg6 Re7 58. Rxf6 Qd2+ 59. Kf1 Qc1+ 60. Ke2 Qd2+ 61. Kf1 Qc1+ 62. Ke2 Qd2+ 63. Kf1 Qc1+ 1/2-1/2

[Event "Pardubice Czech op-A 23rd"]
[Site "Pardubice"]
[Date "2012.07.24"]
[Round "5"]
[White "Stahnecker, Ludwig"]
[Black "Feldtmann, Thomas"]
[Result "0-1"]
[WhiteElo "2099"]
[BlackElo "2257"]
[PlyCount "54"]
[EventDate "2012.07.12"]
[EventType "swiss"]
[EventRounds "9"]
[EventCountry "CZE"]
[SourceTitle "CBM 149 Extra"]
[Source "ChessBase"]
[SourceDate "2012.08.24"]
[SourceVersion "1"]
[SourceVersionDate "2012.08.24"]
[SourceQuality "1"]

1. e4 c5 2. Nf3 e6 3. d4 cxd4 4. Nxd4 a6 5. Nc3 Qc7 6. Be2 b5 7. 0-0 Bb7 8. Re1 Nc6 9. Nxc6 dxc6 10. e5 Rd8 11. Bd3 c5 12. Qg4 Ne7 13. Bg5 Rd4 14. Qh3 h6 15. Be3 Rd7 16. f4 c4 17. Be2 Nf5 18. Bf2 Bc5 19. Nd1 0-0 20. Bf3 Bxf3 21. Qxf3 Rd2 22. c3 Rfd8 23. Bxc5 Qxc5+ 24. Kh1 Nh4 25. Qe4 Nxg2 26. Rg1 Nxf4 27. Ne3 Nh3 0-1

[Event "Pardubice Czech op-A 23rd"]
[Site "Pardubice"]
[Date "2012.07.21"]
[Round "2"]
[White "Feldtmann, Thomas"]
[Black "Toth, Ervin"]
[Result "0-1"]
[WhiteElo "2257"]
[BlackElo "2477"]
[PlyCount "50"]
[EventDate "2012.07.12"]
[EventType "swiss"]
[EventRounds "9"]
[EventCountry "CZE"]
[SourceTitle "CBM 149 Extra"]
[Source "ChessBase"]
[SourceDate "2012.08.24"]
[SourceVersion "1"]
[SourceVersionDate "2012.08.24"]
[SourceQuality "1"]

1. d4 Nf6 2. c4 e6 3. Nc3 Bb4 4. e3 b6 5. Nge2 0-0 6. a3 Be7 7. e4 d5 8. e5 Ne4 9. Ng3 f5 10. cxd5 exd5 11. Ngxe4 fxe4 12. Qb3 Be6 13. Nxe4 c5 14. dxc5 bxc5 15. Qb7 Nd7 16. Qc6 Qb6 17. Qxb6 axb6 18. Ng5 Bxg5 19. Bxg5 Nxe5 20. Be2 h6 21. Bd2 d4 22. 0-0 Bc4 23. Rfe1 Bxe2 24. Rxe2 Nd3 25. b3 b5 0-1

[Event "Karl Mala Memorial op 15th"]
[Site "Frankfurt"]
[Date "2012.07.08"]
[Round "6"]
[White "Feldtmann, Thomas"]
[Black "Yankelevich, Lev"]
[Result "1/2-1/2"]
[WhiteElo "2257"]
[BlackElo "2147"]
[PlyCount "48"]
[EventDate "2012.07.05"]
[EventType "swiss"]
[EventRounds "7"]
[EventCountry "GER"]
[SourceTitle "CBM 149 Extra"]
[Source "ChessBase"]
[SourceDate "2012.08.24"]
[SourceVersion "1"]
[SourceVersionDate "2012.08.24"]
[SourceQuality "1"]

1. e4 c5 2. Nf3 d6 3. d4 cxd4 4. Nxd4 Nf6 5. Nc3 a6 6. h3 e5 7. Nde2 b5 8. g4 Bb7 9. Ng3 h6 10. Bg2 g6 11. 0-0 Nbd7 12. Re1 Nb6 13. a4 b4 14. Nd5 Nbxd5 15. exd5 Bg7 16. a5 Rb8 17. Be3 0-0 18. Qd2 Kh7 19. f4 exf4 20. Bxf4 Ba8 21. g5 hxg5 22. Bxg5 Qc7 23. Kh2 Nd7 24. Re7 Qc8 1/2-1/2

[Event "Karl Mala Memorial op 15th"]
[Site "Frankfurt"]
[Date "2012.07.06"]
[Round "3"]
[White "Kuenstler, Christian"]
[Black "Feldtmann, Thomas"]
[Result "1/2-1/2"]
[WhiteElo "2094"]
[BlackElo "2257"]
[PlyCount "118"]
[EventDate "2012.07.05"]
[EventType "swiss"]
[EventRounds "7"]
[EventCountry "GER"]
[SourceTitle "CBM 149 Extra"]
[Source "ChessBase"]
[SourceDate "2012.08.24"]
[SourceVersion "1"]
[SourceVersionDate "2012.08.24"]
[SourceQuality "1"]

1. Nf3 Nf6 2. c4 e6 3. g3 a6 4. Bg2 b5 5. b3 c5 6. 0-0 Bb7 7. Bb2 Be7 8. d3 Qb6 9. Nbd2 d6 10. e4 0-0 11. Qe2 Nc6 12. h3 Nd7 13. Rac1 Bf6 14. Bxf6 Nxf6 15. Rfd1 Nd7 16. Nb1 Rae8 17. Qd2 f5 18. exf5 Rxf5 19. d4 Ref8 20. Qe3 Nd8 21. dxc5 Qxc5 22. Qxc5 Nxc5 23. Nd4 Rxf2 24. Bxb7 Ncxb7 25. cxb5 Rxa2 26. Nc3 Ra3 27. Rf1 axb5 28. Ncxb5 Rxf1+ 29. Kxf1 Ra8 30. Rc7 Rb8 31. Rd7 d5 32. Nc7 Nc5 33. Re7 Nxb3 34. Nxb3 Rxb3 35. Re8+ Kf7 36. Rxd8 Rxg3 37. Rd7+ Kf6 38. Kf2 Rxh3 39. Ne8+ Ke5 40. Rxg7 d4 41. Kg2 Rh6 42. Kf3 Rh3+ 43. Ke2 h5 44. Nc7 Re3+ 45. Kf2 h4 46. Rh7 Re4 47. Rh5+ Kf6 48. Nb5 e5 49. Rh8 Ke7 50. Rh6 d3 51. Nc3 d2 52. Kf3 Re1 53. Rxh4 Rc1 54. Ke2 Rxc3 55. Kxd2 Rg3 56. Rh6 Rf3 57. Ke2 Rf6 58. Rxf6 Kxf6 59. Ke3 e4 1/2-1/2

[Event "Karl Mala Memorial op 15th"]
[Site "Frankfurt"]
[Date "2012.07.05"]
[Round "1"]
[White "Gude, Michael"]
[Black "Feldtmann, Thomas"]
[Result "0-1"]
[WhiteElo "1842"]
[BlackElo "2257"]
[PlyCount "70"]
[EventDate "2012.07.05"]
[EventType "swiss"]
[EventRounds "7"]
[EventCountry "GER"]
[SourceTitle "CBM 149 Extra"]
[Source "ChessBase"]
[SourceDate "2012.08.24"]
[SourceVersion "1"]
[SourceVersionDate "2012.08.24"]
[SourceQuality "1"]

1. e4 c5 2. Nf3 e6 3. Nc3 a6 4. g3 b5 5. d3 Bb7 6. Bg2 Nf6 7. 0-0 d5 8. exd5 Nxd5 9. Nxd5 Bxd5 10. b3 Be7 11. Bb2 0-0 12. c4 Bc6 13. Qc2 Ra7 14. d4 bxc4 15. bxc4 Bxf3 16. Bxf3 cxd4 17. Rad1 Bc5 18. Qe4 Rd7 19. Rd3 Qf6 20. Re1 Rd6 21. Qe5 Qxe5 22. Rxe5 Nd7 23. Re4 e5 24. Re1 Re8 25. Bd5 Nf6 26. Be4 Nxe4 27. Rxe4 f5 28. Re1 e4 29. Rb3 g5 30. Rd1 f4 31. gxf4 gxf4 32. Kh1 f3 33. Rb7 e3 34. fxe3 dxe3 35. Rg1+ Rg6 0-1